MDQL
is popping MORE tags! Check the
thread
!
Quizzes
Events
Quiz Creation
Community
Videos
Private Events
Remove Ads
Sign In
Join for FREE
Feedback
Dark Mode
Quiz Categories
Sports
Geography
Music
Movies
Television
Just For Fun
Miscellaneous
History
Literature
Language
Science
Gaming
Entertainment
Religion
Holiday
For Kids
Quiz Lab
Recent
Popular Today
Quiz Kudos Today
Editor Picks
Curator Picks
Quizzes by...
Day
Popularity
Type
Ratings
Length
Year
Community
Subscriptions
Recent Discussions
Orange Saloon
Badges
Playlists
Quests
Create
Leaderboards
Showdown
Live 5
Trivia Bingo
Activity
Puzzle Library
Sporcle Events
Private Events
Virtual Trivia
Globe League
Become a Host
Pub Owners
SporcleCon
Opinionation
Our Games
Videos
Blog
Mobile Apps
Partnerships
Remove Ads and Go Orange
Feedback
Sports
Athletes
MLB
NBA
NHL
NFL
Soccer
Sports Teams
WWE
NCAA
Football
Premier League
Basketball
Baseball
Hockey
Golf
Tennis
Cricket
Rugby
Auto Racing
Olympics
World Cup
Sports
Athletes
MLB
NBA
NHL
NFL
Soccer
Sports Teams
WWE
NCAA
Football
Premier League
Basketball
Baseball
Hockey
Golf
Tennis
Cricket
Rugby
Auto Racing
Olympics
World Cup
Random Quiz
Search Sporcle
×
Quiz Lab
Quiz Lab
Sports
Year
Select answers by clicking on text or image buttons
Select answers by clicking on text or image buttons
Clickable
Best Score? Go Orange.
When did it happen? Stats
Can you pick the year in which these events took place?
By
octoburn
4m
17 Questions
47 Plays
47 Plays
47 Plays
Comments
Comments
Give Quiz Kudos
Give Quiz Kudos
-
- Ratings
hide this ad
Forced Order
Answers have to be entered in order
Answers have to be entered in order
Replay
Link that replays current quiz
Next Quiz
Link to next quiz in quiz playlist
You Got
0%
They Got
Avg Score
50%
Avg Friend Score
Upgrade to see
Score Distribution
Jump to the score distribution portion of the page
Score
0/17
Timer
04:00
0
Plays Today
% Correct
1995
72.3%
2004
72.3%
2011
70.2%
2001
61.7%
1997
59.6%
1998
57.4%
2010
55.3%
1996
53.2%
2007
51.1%
% Correct
2000
46.8%
2005
46.8%
2009
42.6%
2006
38.3%
1999
36.2%
2003
36.2%
2008
31.9%
2002
29.8%
Quiz Playlist
Details
Report
Send in Message
Add To Playlist
Clickable:
Select answers by clicking on text or image buttons
Forced Order:
Answers have to be entered in order
Last Updated: Feb 16, 2017
Quiz Scoreboard
CHALLENGE
Sign Up to Join the Scoreboard
Show All
Scores
Hide
Comments
May contain spoilers
Recently Published
Colored Red Africa Blitz
by spor1
Geography
30s
Find the 'City' Movie
by crazypaving
Movies
60s
5x2 Blitz: Bands
by SL_Kpop136
Music
30s
More to Explore
Quiz From the Vault
Featured Blog Post
14 Easter Pick-up Lines to Find Eggs With
hide this ad
You Might Also Like...
Tags
Year Quiz
Event
Mixed
Winner
Today's Top Quizzes in Sports
Browse Sports
hide this ad
Today's Top Quizzes in Year
Browse Year
Top Contributed Quizzes in Sports
1
Players with Multiple 50 Home Run Seasons
2
Criteria MLB: Left Handed Sluggers
3
MLB Players with Two .350 Batting Average Seasons
4
Who Hit More Homers?
5
Premier League Clubs since 2000 (minefield)
6
Who Needs Fielders?
7
2020 F1 Drivers Logic Puzzle
8
Les entraîneurs de l'OM et du PSG au 21e siècle
9
Top 10 NHL Goal Scorers of All Time
10
MLB Hall of Famer by Rings
Explore More
Trending Topics
Marvel
Anime
Disney
Crossword
Harry Potter
NBA
Kpop
Pokémon
Puzzle
Song
WWE
Soccer
NFL
Country
The Office
hide this ad
More By:
octoburn
Quiz
Plays
Rating
Category
Featured
Created
Formula 1: Where they started?
4,164
4.71
Sports
Mar 1, 2013
Friends Trivia
2,522
4.53
Television
May 3, 2012
F1 driver by his last victory
882
5.00
Sports
Apr 26, 2012
F1 podiums
856
2.33
Sports
Apr 25, 2012
Chelsea scorers under Abramovich
518
4.00
Sports
May 2, 2012
Go to Creator's Profile
Score Distribution
Quiz Creator Spotlight
octoburn
Follow
Send a Message
Quizzes Created
-
Created Quiz Play Count
-
More By This Creator
Popular Quizzes Today
1
Find the 'City' Movie
2
5x2 Blitz: Bands
3
Colored Red Africa Blitz
4
Find the US States - No Outlines Minefield
5
The Countries of the World
6
Find the US States
7
9x9 Crossword: Cartoon Network
8
US States
More Sports Quizzes
US Men's 'US Open' Tennis Performances
Published
Trending Quizzes
Colored Red Europe Blitz I
Colored Red Africa Blitz II
Colored Red Europe Blitz III
Colored Red Europe Blitz II
Colored Red Africa Blitz III
Recently Updated
Champions League XIs: Real Madrid
pecheneg
Largest US Cities 1790-2010
pecheneg
Rides in Walt Disney World
pecheneg
Most Oscar Losses (Acting)
pecheneg
Beyoncé Albums
pecheneg
Leaping Animals
pecheneg
Reality TV Shows (A-Z)
bhenderson79
Rickey Henderson's Hall of Fame Teammates
pecheneg
Champions League XIs: Arsenal
pecheneg
Quick Pick: Celebrities in WWE's Hall of Fame
aduchscher
Trending Topics
NBA
Kpop
Anime
Crossword
Disney
Harry Potter
Marvel
WWE
Pokémon
Puzzle
The Office
Soccer
Song
Country
NFL
Your Account Isn't Verified!
In order to create a playlist on Sporcle, you need to verify the email address you used during registration. Go to your
Sporcle Settings
to finish the process.
Report this User
Report this user for behavior that violates our
Community Guidelines
.
Details:
Send Report
Go to the Sporcle.com Mobile Site →
Comments